[Event "FRA-ch U16 Girls"]
[Site "Saint Paul Trois Chateaux"]
[Date "2013.05.03"]
[Round "6"]
[White "Quelennec, Amelie"]
[Black "Dol, Cecile"]
[Result "1-0"]
[WhiteElo "1694"]
[BlackElo "1611"]
[PlyCount "102"]
[EventDate "2013.04.28"]
[EventType "swiss"]
[EventRounds "9"]
[EventCountry "FRA"]
[SourceTitle "CBM 154 Extra"]
[Source "ChessBase"]
[SourceDate "2013.06.25"]
[SourceVersion "2"]
[SourceVersionDate "2013.06.25"]
[SourceQuality "1"]

1. Nf3 Nf6 2. g3 g6 3. Bg2 Bg7 4. 0-0 0-0 5. c4 c5 6. d4 cxd4 7. Nxd4 Nc6 8. Nc3 Nxd4 9. Qxd4 d6 10. Rd1 Ng4 11. Qf4 Bxc3 12. bxc3 Qc7 13. Ba3 Qa5 14. Bb4 Qe5 15. Qxe5 Nxe5 16. c5 a5 17. Ba3 Nc4 18. cxd6 Nxa3 19. d7 Bxd7 20. Rxd7 e6 21. Rxb7 Rac8 22. Rb3 Nc4 23. Rd1 Rc7 24. Bb7 Re8 25. Ba6 Kg7 26. Rd4 Ne5 27. c4 Nc6 28. Rd2 Ne5 29. f4 Nc6 30. Rb7 Rxb7 31. Bxb7 Nd8 32. Bf3 Kf6 33. c5 e5 34. fxe5+ Kxe5 35. c6 Ne6 36. Rd7 Kf6 37. Rd5 a4 38. Ra5 Nd4 39. Rxa4 Nxf3+ 40. exf3 Rc8 41. Rc4 Ke6 42. Kf2 Kd5 43. Rc2 Rxc6 44. Rxc6 Kxc6 45. Ke3 Kd5 46. Kf4 h6 47. g4 Ke6 48. h4 f6 49. g5 hxg5+ 50. hxg5 f5 51. a4 Kd6 1-0

[Event "FRA-ch U16 Girls"]
[Site "Saint Paul Trois Chateaux"]
[Date "2013.04.29"]
[Round "2"]
[White "Quelennec, Amelie"]
[Black "Le Berre, Audrey"]
[Result "1-0"]
[WhiteElo "1694"]
[BlackElo "1574"]
[PlyCount "61"]
[EventDate "2013.04.28"]
[EventType "swiss"]
[EventRounds "9"]
[EventCountry "FRA"]
[SourceTitle "CBM 154 Extra"]
[Source "ChessBase"]
[SourceDate "2013.06.25"]
[SourceVersion "2"]
[SourceVersionDate "2013.06.25"]
[SourceQuality "1"]

1. Nf3 c5 2. g3 Nc6 3. d4 cxd4 4. Nxd4 g6 5. Bg2 Bg7 6. c3 Nf6 7. 0-0 0-0 8. Nd2 e6 9. N2b3 d5 10. Nxc6 bxc6 11. Qc2 Qc7 12. c4 Qe7 13. Be3 Nd7 14. Rab1 Bb7 15. cxd5 exd5 16. Na5 d4 17. Bf4 Ne5 18. Rfc1 Rac8 19. Qc5 Rfe8 20. Qxa7 Ra8 21. Qc5 Rab8 22. Qxe7 Rxe7 23. Nxb7 Rexb7 24. b3 Rc8 25. Rc5 f6 26. Rbc1 Rbc7 27. Bxe5 fxe5 28. Rxc6 Rxc6 29. Rxc6 Rb8 30. a4 Rxb3 31. Bd5+ 1-0

[Event "FRA-ch U14 Girls"]
[Site "Montlucon"]
[Date "2011.04.18"]
[Round "2"]
[White "Thomas, Apolline"]
[Black "Quelennec, Amelie"]
[Result "0-1"]
[WhiteElo "1685"]
[BlackElo "1525"]
[PlyCount "126"]
[EventDate "2011.04.17"]
[EventType "swiss"]
[EventRounds "9"]
[EventCountry "FRA"]
[SourceTitle "CBM 142 Extra"]
[Source "ChessBase"]
[SourceDate "2011.06.27"]
[SourceVersion "1"]
[SourceVersionDate "2011.06.27"]
[SourceQuality "1"]

1. d4 g6 2. Nf3 Bg7 3. c4 Nf6 4. Nc3 0-0 5. g3 d5 6. Bg5 dxc4 7. Bg2 Nc6 8. 0-0 Bg4 9. e3 Nd7 10. Qc2 f6 11. Bh4 Bxf3 12. Bxf3 g5 13. Qf5 Re8 14. Bd5+ Kh8 15. Be4 Nf8 16. Bxg5 fxg5 17. Bxc6 bxc6 18. Ne4 e6 19. Qg4 h6 20. f4 Nh7 21. fxg5 Nxg5 22. h4 Nxe4 23. Qxe4 Qd5 24. Qg6 Rf8 25. Rf4 Rab8 26. Qc2 Rxf4 27. gxf4 Qf5 28. Qxf5 exf5 29. b3 cxb3 30. axb3 Rxb3 31. Kf2 Rb7 32. h5 c5 33. Ra4 cxd4 34. exd4 Kg8 35. Ke3 Kf7 36. Ra6 Bf8 37. Rg6 a5 38. Ra6 Rb3+ 39. Ke2 Ra3 40. d5 Bd6 41. Kd1 Rd3+ 42. Kc2 Rxd5 43. Kb3 Kg7 44. Kc4 Rc5+ 45. Kd4 Rb5 46. Kc4 Rb4+ 47. Kd5 a4 48. Ke6 Rxf4 49. Ra5 a3 50. Ra8 Rf2 51. Ra4 a2 52. Ra6 f4 53. Kf5 Re2 54. Kg4 Be5 55. Kf3 Re3+ 56. Kf2 a1Q 57. Rxa1 Bxa1 58. Kg2 c5 59. Kh2 c4 60. Kg2 c3 61. Kh2 c2 62. Kg2 c1Q 63. Kf2 Qd2+ 0-1

[Event "FRA-ch U12 Girls"]
[Site "Troyes"]
[Date "2010.06.16"]
[Round "7"]
[White "Le Bihan, Alison"]
[Black "Quelennec, Amelie"]
[Result "0-1"]
[WhiteElo "1320"]
[BlackElo "1530"]
[PlyCount "90"]
[EventDate "2010.04.11"]
[EventType "swiss"]
[EventRounds "9"]
[EventCountry "FRA"]
[SourceTitle "EXT 2012"]
[Source "ChessBase"]
[SourceDate "2011.11.24"]
[SourceVersion "1"]
[SourceVersionDate "2011.11.24"]
[SourceQuality "1"]

1. d4 b6 2. e4 Bb7 3. Nc3 e6 4. Bd3 Bb4 5. Bf4 Nf6 6. Bg5 h6 7. Bh4 g5 8. Bg3 Nxe4 9. Bxe4 Bxe4 10. Nf3 Nc6 11. 0-0 Bxc3 12. bxc3 d5 13. Ne5 Nxe5 14. Bxe5 Rh7 15. f3 Bg6 16. Qe2 c6 17. c4 f6 18. Bg3 Qd7 19. Rae1 Kf7 20. f4 dxc4 21. Qxc4 Qd5 22. Qxd5 cxd5 23. fxg5 hxg5 24. Be5 f5 25. Rc1 Rc8 26. Rf2 Ke7 27. c4 Rxc4 28. Rxc4 dxc4 29. Rc2 b5 30. a4 a6 31. axb5 axb5 32. Rb2 Be8 33. Ra2 Kf7 34. Ra7+ Kg6 35. Rxh7 Kxh7 36. Bd6 Kg6 37. Kf2 f4 38. Kf3 Kf5 39. Bc5 Bc6+ 40. Kf2 Ke4 41. Ke2 Kd5 42. Kd2 e5 43. Kc3 exd4+ 44. Bxd4 b4+ 45. Kxb4 Kxd4 0-1

[Event "FRA-ch U12 Girls"]
[Site "Troyes"]
[Date "2010.04.17"]
[Round "8"]
[White "Quelennec, Amelie"]
[Black "Broly, Marine"]
[Result "1/2-1/2"]
[WhiteElo "1530"]
[BlackElo "1590"]
[PlyCount "86"]
[EventDate "2010.04.11"]
[EventType "swiss"]
[EventRounds "9"]
[EventCountry "FRA"]
[SourceTitle "EXT 2012"]
[Source "ChessBase"]
[SourceDate "2011.11.24"]
[SourceVersion "1"]
[SourceVersionDate "2011.11.24"]
[SourceQuality "1"]

1. b3 e5 2. Bb2 Nc6 3. e3 d5 4. Bb5 e4 5. Ne2 Qg5 6. Ng3 h5 7. h4 Qg6 8. Nc3 Nge7 9. Be2 Bg4 10. Rg1 Bxe2 11. Ngxe2 0-0-0 12. Nf4 Qf6 13. Rh1 Qf5 14. Nce2 Qg4 15. Ng3 Qxd1+ 16. Kxd1 f6 17. Nfxh5 Ng6 18. Ke2 Rh7 19. f3 exf3+ 20. gxf3 Bd6 21. f4 Re8 22. Kf2 Reh8 23. Nxg7 Rxg7 24. Bxf6 Rgh7 25. Bxh8 Rxh8 26. h5 Nge7 27. Rh3 Kd7 28. c3 Ke8 29. Rah1 Rh6 30. Rh4 Kf7 31. Rg4 a6 32. Rg5 Nd8 33. Nf5 Nxf5 34. Rxf5+ Ke6 35. Rg5 c6 36. d4 Kf6 37. Rhg1 Ne6 38. Rg6+ Rxg6 39. hxg6 Ng7 40. Kf3 Nh5 41. Rg5 Ng7 42. e4 dxe4+ 43. Kxe4 Bxf4 1/2-1/2

[Event "FRA-ch U12 Girls"]
[Site "Troyes"]
[Date "2010.04.15"]
[Round "6"]
[White "Quelennec, Amelie"]
[Black "Banat, Rizlene"]
[Result "0-1"]
[WhiteElo "1530"]
[BlackElo "1608"]
[PlyCount "148"]
[EventDate "2010.04.11"]
[EventType "swiss"]
[EventRounds "9"]
[EventCountry "FRA"]
[SourceTitle "EXT 2012"]
[Source "ChessBase"]
[SourceDate "2011.11.24"]
[SourceVersion "1"]
[SourceVersionDate "2011.11.24"]
[SourceQuality "1"]

1. b3 e5 2. Bb2 d6 3. e3 Nc6 4. Bb5 Bd7 5. Nf3 g6 6. 0-0 Bg7 7. d3 Nf6 8. Nbd2 0-0 9. Bxc6 Bxc6 10. e4 Rb8 11. Qe2 Re8 12. Rfd1 Qe7 13. Rab1 Nd7 14. Nc4 Nc5 15. Nfd2 Ne6 16. Qg4 Bd7 17. Re1 Nd4 18. Qd1 b5 19. Ne3 c6 20. Nf3 Nxf3+ 21. Qxf3 Qf6 22. Qxf6 Bxf6 23. c3 Be6 24. Red1 a6 25. c4 Bg5 26. Bc1 Bxe3 27. Bxe3 Re7 28. Bd2 b4 29. Bg5 Rd7 30. f3 Kg7 31. Kf2 f6 32. Be3 d5 33. Rd2 h5 34. h4 d4 35. Bxd4 Rxd4 36. g3 Rbd8 37. Rbd1 f5 38. Ke2 fxe4 39. dxe4 Rxd2+ 40. Rxd2 Rxd2+ 41. Kxd2 Kf6 42. Ke3 g5 43. Kf2 g4 44. fxg4 Bxg4 45. Ke3 Ke6 46. Kd3 Kd6 47. Ke3 Kc5 48. Kd3 Bh3 49. Ke3 Bf1 50. Kf3 Kd4 51. g4 hxg4+ 52. Kxg4 Bd3 53. h5 Bxe4 54. h6 Bh7 55. Kg3 Kd3 56. Kf2 Kd2 57. c5 e4 58. Kf1 e3 59. Kg2 e2 60. Kf3 e1Q 61. Kf4 Qe4+ 62. Kg5 Ke3 63. Kf6 Kf4 64. Kf7 Qg6+ 65. Ke7 Ke5 66. Kd7 Qe6+ 67. Kc7 Qxh6 68. Kb6 Bd3 69. Ka5 Kd4 70. Kxb4 Qf8 71. Ka3 Qxc5+ 72. Kb2 Qc3+ 73. Ka3 c5 74. Ka4 Qb4# 0-1

[Event "FRA-ch U12 Girls"]
[Site "Aix les Bains"]
[Date "2009.04.26"]
[Round "9"]
[White "Parlas, Helin"]
[Black "Quelennec, Amelie"]
[Result "1-0"]
[WhiteElo "1340"]
[BlackElo "1410"]
[PlyCount "93"]
[EventDate "2009.04.19"]
[EventType "swiss"]
[EventRounds "9"]
[EventCountry "FRA"]
[SourceTitle "CBM 130 Extra"]
[Source "ChessBase"]
[SourceDate "2009.07.02"]
[SourceVersion "2"]
[SourceVersionDate "2009.07.15"]
[SourceQuality "1"]

1. e4 b6 2. d4 Bb7 3. Nc3 e6 4. Nge2 Bb4 5. a3 Bxc3+ 6. Nxc3 Nf6 7. Bg5 h6 8. Bxf6 Qxf6 9. g3 d6 10. Bg2 e5 11. 0-0 Nc6 12. Nd5 Qd8 13. c3 0-0 14. f4 Ne7 15. f5 Nxd5 16. exd5 Qg5 17. Qc1 Qg4 18. f6 exd4 19. Rf4 Qg5 20. Bf3 Bxd5 21. fxg7 Bxf3 22. gxf8Q+ Rxf8 23. Rxf3 Qc5 24. cxd4 Qxd4+ 25. Kg2 Qe4 26. Qe3 Qc2+ 27. Rf2 Qg6 28. Raf1 f5 29. Qb3+ Kh8 30. Qc2 Qe6 31. Rxf5 Rxf5 32. Qxf5 Qe2+ 33. Kh3 Qxb2 34. Qd7 Qg7 35. Qe8+ Qg8 36. Rf8 Qxf8 37. Qxf8+ Kh7 38. Qf7+ Kh8 39. Qxc7 a5 40. Qxb6 Kg7 41. Qxd6 a4 42. Kg4 h5+ 43. Kxh5 Kf7 44. Kg5 Ke8 45. Qc7 Kf8 46. Kf6 Ke8 47. Qe7# 1-0